000
00313nam a2200133Ia 4500
008
240624s9999 xx 000 0 und d
041
_a
eng
082
_a
891.46 DES
100
_a
DESHPANDEY P L
245
_a
GANDHIJI
260
_c
2006
_a
Pune
_b
Rajhans Prakashan
300
_a
86 : p. : cm. ; 22
365
_c
RS
_b
20
999
_c
6899
_d
6899